=LDR 00000nam 2200000 4500 =001 INLIS000000000005448 =005 20251016110803 =035 ##$$a 0010-1025000503 =007 ta =008 251016###########################0#ind## =082 ##$$a 613.94 =084 ##$$a 613.94 BUD k =100 #$$a Budi Utomo =245 1#$$a Keluarga Berencana Dan Kelangsungan Hidup Anak : $b - /$c Budi Utomo ; Badan Koordinasi Keluarga Berencana Nasional =260 ##$:$b BKKBN =300 ##$$a 12 hal : $b ilus ; $c 21 cm =650 #4$$a Keluarga Berencana =710 #$$a Badan Koordinasi Keluarga Berencana Nasional =856 ##$$a Perpustakaan Kemendukbangga